| 000 | 00664nam a2200205 i 4500 | ||
|---|---|---|---|
| 001 | 124531 | ||
| 003 | ES-MaACL | ||
| 005 | 20250926063058.0 | ||
| 007 | t| | ||
| 008 | 070329s1927 sp ||||1| spa d | ||
| 100 | 1 |
_aIbarra y Rodríguez, Eduardo, _d1866-1944 _964967 |
|
| 245 | 1 | 0 |
_aEspaña bajo los Austrias / _cEduardo Ibarra. |
| 260 |
_aBarcelona : _bLabor, _c[1927] |
||
| 300 |
_a380 p., XVI p. de lám : _bil. ; _c17 cm. |
||
| 490 | 1 |
_aColección Labor ; _v127, 128 |
|
| 651 | 4 |
_aEspaña- _xHistoria- _y1516-1700, Casa de Austria _98228 |
|
| 830 | 0 | 0 |
_aColección Labor _v127, 128 _9184254 |
| 852 |
_aES-MaACL _jE-2656 |
||
| 999 |
_c124531 _d124531 |
||